01703nam a2200289 a 450000100100000000500170001000800410002702000180006804000250008608200150011110000420012624501670016826000430033530000270037849000720040550001220047750000800059950001380067959000260081771000610084370000530090483000790095795201280103695201130116495201190127799900170139600004674220201002053105.0180321s2015 dr a r 000 0 spa d a9789945900484 aDO-SdBNPbspacBNPHU axxxxbI37g1 aIncháustegui, María Isabel92956810aGuía de estudio módulo 0 :benseñanza-aprendizaje-evaluación de la lengua española del primer ciclo del nivel primario /cMaría Isabel Incháustegui. aSanto Domingo :bMINERD ;bOEI,c2015. a20 p. :bil. ;c28 cm.1 aDesarrollo profesional docente, enseñanza de la lengua española aPolítica de apoyo a los aprendizajes de los primeros grados de nivel primario en lectura, escritura y matemática. aRegional educativa 05 San Pedro de Macorís, 12 Higüey, y 17 Monte Plata aA la cabeza del título: Desarrollo Profesional Docente. Capacitación de Docentes para la Enseñanza de la la Lectura y Escritura aInventariado, 2018/BT1 aRepública DominicanabMinisterio de Educación94310012aOrganización de Estados Iberoamericanos974658 0aDesarrollo profesional docente, enseñanza de la lengua española974659 001054708DSaGRbGRcHDd2018-03-21iLF1l0oxxxx I37gp46742-30r2020-06-25te. 3w2020-06-25yLFDSZPréstamo en sala 0010718PDaPDbPDcHDd2018-03-21iLF1l0oxxxx I37gp46742-10r2020-06-25w2020-06-25yLFPDZNo se presta 0010718PDaPDbPDcHDd2018-03-21iLF1l0oxxxx I37gp46742-20r2020-06-25te. 2w2020-06-25yLFPDZNo se presta c46231d46231